00597cam a2200181 4500001001100000008004100011020001800052035002300070050002000093245014100113260003600254300001100290500001200301505000900313650002100322700004400343700002800387BFIL001485 1991 a spa  a968-39-0326-6 a(Sirsi) BFIL001485 4aF1229bS54 1991 4aLos Siglos de México /cPatricia Galeana de Valadés coord. ; colab. Xavier Noguez, Rosa Camela, Gisela Von Wobeser, Gloria Villegas. aMéxico :bNueva Imegen,c1991 a436 p. a1 ejem. aBFIL 4aMexicoxHistoria1 aGaleana de Valadés, Patricia,ecoord.1 aNoguez, Xavier,ecolab.